Integrovaná marketingová komunikácia bakalárska práca

Na minha lista:
Detalhes bibliográficos
Autor principal: Pančiková, Daniela
Autor Corporativo: Podnikovohospodárska fakulta EU so sídlom v Košiciach. Katedra marketingu a obchodu
Outros Autores: Nimrichterová, Jana
Formato: Livro
Idioma:eslovaco
Publicado em: Košice 2011
Tags: Adicionar Tag
Sem tags, seja o primeiro a adicionar uma tag!

MARC

LEADER 00000nbm a2200000 4500
001 0152720
005 20120626153955.6
041 0 |a slo 
044 |a SK 
245 1 0 |a Integrovaná marketingová komunikácia  |b bakalárska práca  |c Daniela Pančiková ; školiteľ: Jana Nimrichterová 
264 1 |a Košice  |c 2011 
300 |a 53 s. 
100 1 |a Pančiková, Daniela 
700 1 |a Nimrichterová, Jana 
710 2 |a Podnikovohospodárska fakulta EU so sídlom v Košiciach. Katedra marketingu a obchodu